| 000 | 00585nam a2200217 a 4500 | ||
|---|---|---|---|
| 001 | 9665 | ||
| 003 | CO-ViMGA | ||
| 005 | 20230915230200.0 | ||
| 008 | 141112s2004 ck r 000 u spa d | ||
| 020 | _a8427021100 | ||
| 040 |
_aCO-ViMGA _bspa _cCO-ViMGA |
||
| 082 | 0 | 4 | _a615.535 B673a |
| 100 | 1 |
_aBardo, Ludmilla de; Razanamahay, Johanne; Schaller, Cristian Tal _912953 |
|
| 245 | 1 | 0 | _aAmaroli |
| 260 | _aBarcelona (E)Martinez Roca 2000 | ||
| 300 | _a190.p. | ||
| 650 | 1 | 4 |
_aNATURISMO _912912 |
| 650 | 1 | 4 |
_aNATUROTERAPIA _912913 |
| 650 | 1 | 4 |
_aORINOTERAPIA _912914 |
| 942 |
_2ddc _cBK |
||
| 999 |
_c21128 _d21128 |
||